00666 2200229 4500001002100000005001500021035002000036007000300056008003900059020001900098082001000117084001600127100002700143245006700170250001400237260003900251300004100290500001900331650002900350650003900379990001800418INLIS00000000000528420250313083744 a0010-0325000009ta250313 | | |  a978623980193-9 a495.7 a495.7 DAN s0 aDanang Rukmono Nugroho1 aSuper Easy MUdah Kuasai Bahasa Korea /cDanang Rukmono Nugroho aCet. 4,-- aSleman. :bGarda Cendekia.,c2024. a340 hlm. :bilus. ;c12,5 x 18,5 cm. aDaftar Pustaka aPenyusun, Garda Cendekia aLayout & Ilustrasi, Garda Cendekia a16165/P/BL/25